Migração, guerra e comércio : (Registro nro. 3979)

000 -CABECERA
campo de control de longitud fija 00764nam a22002297a 4500
003 - IDENTIFICADOR DEL NÚMERO DE CONTROL
campo de control OSt
005 - FECHA Y HORA DE LA ÚLTIMA TRANSACCIÓN
campo de control 20250506143238.0
008 - DATOS DE LONGITUD FIJA--INFORMACIÓN GENERAL
campo de control de longitud fija 250506s1886 bl ||||fr|||| 00| 0 por d
040 ## - FUENTE DE LA CATALOGACIÓN
Centro catalogador/agencia de origen CENDOC CAAAP
Lengua de catalogación spa
Centro/agencia transcriptor CAAAP
041 ## - CÓDIGO DE LENGUA
Código de lengua del texto/banda sonora o título independiente por
050 ## - SIGNATURA TOPOGRÁFICA DE LA BIBLIOTECA DEL CONGRESO
Número de clasificación FE 43.W
Número de documento/Ítem G21
100 1# - ENTRADA PRINCIPAL--NOMBRE DE PERSONA
9 (RLIN) 5458
Nombre de persona Gallois, Dominique Tilkin
245 10 - MENCIÓN DE TÍTULO
Título Migração, guerra e comércio :
Resto del título os Waiapi na Guiana /
Mención de responsabilidad, etc. Dominique Tilkin, Gallois
250 #0 - MENCIÓN DE EDICIÓN
Mención de edición 1ra. edición
260 #1 - PUBLICACIÓN, DISTRIBUCIÓN, ETC.
Lugar de publicación, distribución, etc. Sao Paulo, Brasil :
Nombre del editor, distribuidor, etc. FFLCH-USP,
Fecha de publicación, distribución, etc. 1986
300 ## - DESCRIPCIÓN FÍSICA
Extensión 348 páginas ;
Dimensiones 17 cm
490 #1 - MENCIÓN DE SERIE
Mención de serie Antropologia
Designación de volumen o secuencia 15
650 #0 - PUNTO DE ACCESO ADICIONAL DE MATERIA--TÉRMINO DE MATERIA
9 (RLIN) 329
Término de materia o nombre geográfico como elemento de entrada Antropología
Subdivisión geográfica Brasil
650 #0 - PUNTO DE ACCESO ADICIONAL DE MATERIA--TÉRMINO DE MATERIA
9 (RLIN) 1924
Término de materia o nombre geográfico como elemento de entrada Conflictos Sociales
Subdivisión general Indigenas
Subdivisión geográfica Brasil
856 ## - LOCALIZACIÓN Y ACCESO ELECTRÓNICOS
Identificador Uniforme del Recurso <a href="https://acervo.socioambiental.org/sites/default/files/documents/wal00003.pdf">https://acervo.socioambiental.org/sites/default/files/documents/wal00003.pdf</a>
942 ## - ELEMENTOS DE PUNTO DE ACCESO ADICIONAL (KOHA)
Fuente del sistema de clasificación o colocación
Tipo de ítem Koha Libros
Existencias
Estado de retiro Estado de pérdida Fuente del sistema de clasificación o colocación Estado dañado No para préstamo Localización permanente Ubicación/localización actual Ubicación en estantería Fecha de adquisición Total de préstamos Signatura topográfica completa Fecha visto por última vez Precio válido a partir de Tipo de ítem Koha
          CENTRO DE DOCUMENTACIÓN (CENDOC) CENTRO DE DOCUMENTACIÓN (CENDOC)   05/06/2025   FE 43.W G21 05/06/2025 05/06/2025 Libros
Centro de Documentación CAAAP | AV. Manuel González Prada 626, Magdalena del Mar | (51-1) 4615223 Anexo 205 y 209 | cendoc@caaap.org.pe